| 000 | 00919nam a2200217 a 4500 | ||
|---|---|---|---|
| 003 | 0 | ||
| 005 | 20250422130904.0 | ||
| 008 | 970114s19uu xx 00 eng d | ||
| 050 |
_aPGS GV 742 _b.N832 2003 |
||
| 100 | _aNordin, Nurdiana V. | ||
| 245 |
_aA comparative study on the sports preferred by the first year high school students of Southville International School and 1st year high school students of St. Benedict College / _cNurdiana V. Nordin. |
||
| 260 |
_aLas PiƱas City, Philippines : _bSouthville International School and Colleges, _c2003. |
||
| 300 |
_a27 pages : _billustrations ; _c28 cm. |
||
| 504 | _aIncludes bibliographical references. | ||
| 650 |
_aSports _vPsychological aspects . |
||
| 650 |
_aSports _vSocial aspects. |
||
| 650 |
_aSchool sports _vEvaluation. |
||
| 650 |
_aSports programs _vSatisfaction. |
||
| 650 |
_aSports preferences _vComparative studies. |
||
| 942 |
_2lcc _cPASS |
||
| 999 |
_c96901 _d96901 |
||